| 000 | 01066pam a2200337 i 4500 | ||
|---|---|---|---|
| 001 | 016482444 | ||
| 003 | EG-ScBUE | ||
| 005 | 20211208142217.0 | ||
| 008 | 131212s2013 enka f d 001 0 eng d | ||
| 020 | _a9780714865515 | ||
| 040 |
_aStDuBDS _beng _erda _cStDuBDS _dUk _dEG-ScBUE |
||
| 043 |
_an------ _as------ |
||
| 082 | 0 | 4 |
_a709.7 _bART _222 |
| 245 | 0 | 0 |
_aArt & place : _bsite-specific art of the Americas. |
| 246 | 3 | _aArt and place | |
| 264 | 1 |
_aLondon : _bPhaidon Press, _c2013. |
|
| 300 |
_a373 pages : _billustrations ; _c33 cm |
||
| 336 |
_atext _btxt _2rdacontent |
||
| 336 |
_astill image _bsti _2rdacontent |
||
| 337 |
_aunmediated _bn _2rdamedia |
||
| 338 |
_avolume _bnc _2rdacarrier |
||
| 500 | _aIncludes index. | ||
| 500 | _aIncludes glossary. | ||
| 650 | 7 |
_aArt _zAmerica _xThemes, motives. _2BUEsh |
|
| 650 | 7 |
_aSite-specific art _zAmerica. _2BUEsh |
|
| 653 |
_bART _cDecember2021 |
||
| 655 |
_vReading book _934232 |
||
| 700 | 1 |
_aRenshaw, Amanda, _eeditor of compilation. |
|
| 942 |
_2ddc _cBB |
||
| 999 |
_c29714 _d29685 |
||